A casa dos cinco sentidos! (Record no. 16846)

MARC details
000 -LÍDER
campo de controle de tamanho fixo 00360 a2200157 4500
001 - NÚMERO DE CONTROLE
campo de controle 16846
020 ## - ISBN - INTERNATIONAL STANDARD BOOK NUMBER
ISBN - International Standard Book Number 9788504010916
040 ## - FONTE DA CATALOGAÇÃO
Instituição que transcreveu o registro Anchieta - Bela Vista
100 ## - ENTRADA PRINCIPAL--NOME PESSOAL
Nome pessoal Girardet, Sylvie
240 10 - TÍTULO UNIFORME
Título uniforme A casa dos cinco sentidos!
Idioma da obra por
245 10 - TÍTULO
Título A casa dos cinco sentidos!
300 ## - DESCRIÇÃO FÍSICA
Extensão 85
362 0# - DATAS DE PUBLICAÇÃO E/OU DESIGNAÇÃO SEQUENCIAL
Datas de publicação e/ou designação sequencial 2007
650 #4 - ASSUNTO--TERMO TÓPICO
Cabeçalho tópico ou nome geográfico Literatura infantil
942 ## - ELEMENTOS DE ENTRADA ADICIONADOS (KOHA)
Tipo de material Koha Livros
Holdings
Situação do descarte Situação das perdas Situação física Não pode ser emprestado Biblioteca de origem Biblioteca atual Data de aquisição Total de empréstimos Número de chamada completo Código de barras Data de último acesso Data do preço efetivo Tipo de material Koha
        Colégio Anchieta - Bela Vista Colégio Anchieta - Bela Vista 21/11/2023   LI 028.5 G519c GIR CAS 2268/BEL 21/11/2023 21/11/2023 Livros
        Colégio São Paulo Colégio São Paulo 21/11/2023   LI 028.5 GIR CAS 408/ITA 21/11/2023 21/11/2023 Livros
        Colégio São Paulo Colégio São Paulo 22/11/2023   LI 028.5 G519c 728/CSP 22/11/2023 22/11/2023 Livros